Statistics for Countries By Their Former Name

Click here to take the quiz!

General Stats

  • This quiz has been taken 137 times
  • The average score is 12 of 16

Answer Stats

Former NameModern Day Name% Correct
Roumania | RumaniaRomania
98%
Maldiva IslandsMaldives
91%
MesopotamiaIraq
86%
Afghan Durrani EmpireAfghanistan
85%
Western SamoaSamoa
84%
SiamThailand
83%
French GuineaGuinea
80%
British HondurasBelize
77%
South West AfricaNamibia
76%
StaropolskaPoland
70%
GaulFrance
69%
PhoeniciaLebanon
60%
The Gilbert IslandsKiribati
56%
QuauhtemallanGuatemala
52%
NyasalandMalawi
44%
Saint DomingueHaiti
43%

Score Distribution

Percentile by Number Answered

Percent of People with Each Score

Your Score History

You have not taken this quiz